00704nam a22002057a 4500001000500000005001700005020001800022040002900040050001600069082001000085100001400095245002300109250004600132260003500178300002300213505000700236520022100243521001700464521001700481259220240926123508.0 a9780545528344 aFISKHbengcFISKHdFISKH aPZ7.L96768  a813.6 aLu, Marie aLegend /cMarie Lu aThis edition first printing, January 2013 aNew York :bScholastic, c2011 a305 pages :c20 cm aM  aIn a dark future, when North America has split into two warring nations, fifteen-year-olds Day, a famous criminal, and prodigy June, the brilliant soldier hired to capture him, discover that they have a common enemy. a710 bLexile aM bRaz-Plus